000 00579nam a2200169Ia 4500
003 GCL
008 140319s9999 xx 000 0 ara d
040 _aGCL /
_cGCL
082 0 4 _a811.094
_bم د
100 1 _aمدحت ابوبكر
245 1 0 _aدقات على ابواب الصمت: احاسيس انسانية باللغة الشعرية /
_cمدحت ابوبكر
300 _a109 ص
490 _aالهيئة العامة للاستعلامات
_v0
650 0 4 _aالادب العربى
650 0 4 _aالشعر العربى - العصر الحديث
942 _2ddc
_cBK
999 _c47520
_d47520